<?xml version="1.0" encoding="UTF-8"?>
<record
    xmlns:xsi="http://www.w3.org/2001/XMLSchema-instance"
    xsi:schemaLocation="http://www.loc.gov/MARC21/slim http://www.loc.gov/standards/marcxml/schema/MARC21slim.xsd"
    xmlns="http://www.loc.gov/MARC21/slim">

  <leader>00560nam a22001457a 4500</leader>
  <datafield tag="999" ind1=" " ind2=" ">
    <subfield code="c">121634</subfield>
    <subfield code="d">121634</subfield>
  </datafield>
  <controlfield tag="005">20210315094623.0</controlfield>
  <controlfield tag="008">210315b           ||||| |||| 00| 0 eng d</controlfield>
  <datafield tag="040" ind1=" " ind2=" ">
    <subfield code="c">PK-LaUMT</subfield>
  </datafield>
  <datafield tag="082" ind1=" " ind2=" ">
    <subfield code="a">RHC 320.954</subfield>
    <subfield code="b">ABU-R</subfield>
  </datafield>
  <datafield tag="100" ind1=" " ind2=" ">
    <subfield code="a">Abul Fahm Waheed Ali Khan = &#x627;&#x628;&#x648;&#x627;&#x644;&#x641;&#x6C1;&#x645; &#x648;&#x62D;&#x6CC;&#x62F; &#x639;&#x644;&#x6CC; &#x62E;&#x627;&#x646;</subfield>
  </datafield>
  <datafield tag="245" ind1=" " ind2=" ">
    <subfield code="a">Rawadari Hinstustani samaj = &#x631;&#x648;&#x627;&#x62F;&#x627;&#x631;&#x6CC; &#x6C1;&#x646;&#x62F;&#x648;&#x633;&#x62A;&#x627;&#x646;&#x6CC; &#x633;&#x645;&#x627;&#x62C; &#x645;&#x6CC;&#x6BA; /</subfield>
    <subfield code="c">by Abul Fahm Waheed Ali Khan = &#x627;&#x628;&#x648;&#x627;&#x644;&#x641;&#x6C1;&#x645; &#x648;&#x62D;&#x6CC;&#x62F; &#x639;&#x644;&#x6CC; &#x62E;&#x627;&#x646;</subfield>
  </datafield>
  <datafield tag="260" ind1=" " ind2=" ">
    <subfield code="a">Dehli :</subfield>
    <subfield code="b">Markazi Maktaba Islami  Publishers,</subfield>
    <subfield code="c">1997</subfield>
  </datafield>
  <datafield tag="300" ind1=" " ind2=" ">
    <subfield code="a">98 p.</subfield>
  </datafield>
  <datafield tag="942" ind1=" " ind2=" ">
    <subfield code="c">BK</subfield>
  </datafield>
  <datafield tag="952" ind1=" " ind2=" ">
    <subfield code="0">0</subfield>
    <subfield code="1">0</subfield>
    <subfield code="4">0</subfield>
    <subfield code="7">0</subfield>
    <subfield code="a">01</subfield>
    <subfield code="b">01</subfield>
    <subfield code="d">2021-03-15</subfield>
    <subfield code="l">0</subfield>
    <subfield code="o">RHC 320.954 ABU-R</subfield>
    <subfield code="p">136740</subfield>
    <subfield code="r">2021-03-15 00:00:00</subfield>
    <subfield code="w">2021-03-15</subfield>
    <subfield code="y">BK</subfield>
  </datafield>
</record>
